| 000 | 00644nam a2200217 a 4500 | ||
|---|---|---|---|
| 001 | 000029160 | ||
| 003 | OSt | ||
| 005 | 20240530073935.0 | ||
| 008 | 110413s1962 dr 000 0 spa d | ||
| 040 |
_aDO-SdBNP _bspa _cBNPHU |
||
| 082 |
_aRD868.44 _bP438a |
||
| 100 | 1 |
_aPérez Ortíz, R. _92442 |
|
| 245 | 1 | 0 |
_aAspectos : _breprobaciones e ideas / _cR. Pérez Ortíz. |
| 260 |
_aSanto Domingo : _bEditora del Caribe, _c1962. |
||
| 300 |
_a33 p. ; _c23 cm. |
||
| 590 | _aInventariado, 2019 / DG | ||
| 650 | 0 |
_aEnsayos dominicanos _965 |
|
| 650 | 0 |
_aLiteratura dominicana. _967 |
|
| 910 | _aValidado. Control de calidad MFF | ||
| 942 |
_2ddc _cLF1 |
||
| 999 |
_c28652 _d28652 |
||